000 00883nam a2200253Ia 4500
003 OSt
005 20221005112218.0
006 a|||||r|||| 00| 0
007 ta
008 221004b |||||||| |||| 00| 0 pan d
020 _a9788171435623 (hbk)
_cINR 250.00
024 _a35650
037 _b1001, 13/11/2017, H.K. Prakashan
_cTextual
040 _aCRL
_cCRL
_bpan
041 _2pan
_apan
082 _aO168,3NSA,CB, 153Q7
100 _aਹੈਦਰ, ਸੱਜਾਦ, ਂਚ.
245 0 _aਚੇਤਰ ਬਾਫ਼
260 _aਅੰਮ੍ਰਿਤਸਰ
_bਰਵੀ ਸਾਹਿਤ ਪ੍ਰਕਾFਨ ਭਾਰਤ
_c2017
300 _a184ਪੰ
_ccm.
650 _aਉਰਦੂ ਸਾਹਿਤ
942 _hO168,3NSA,CB, 153Q7
_cTEXL
_2cc
999 _c1024208
_d1024208